000 01312nam a2200265 i 4500
001 44065
003 SpMaBN
005 20230906160940.0
008 170317s2010 sp abd |||| | spa d
020 _a978-84-7867-057-4
080 _a572.1/.4
245 0 0 _a150 años después de Darwin: ¿evolución, futuro o crisis?
_b: lecciones sobre evolución humana /
_ccoordinadores, Alfonso Perote Alejandre, Ana Mateos Cachorro ; autores, José María Bermúdez de Castro, Laura Buck, Alberto Gomis Blanco ... [et al.].
246 3 _aCiento cincuenta años después de Darwin: ¿evolución, futuro o crisis?
260 _aMadrid :
_bIM&C,
_c[2010]
300 _a110 p. :
_bil. col., gráf., mapas ;
_c24 cm.
504 _aReferencias bibliográficas.
546 _aTextos en español e inglés.
594 _aRecoge las ponencias de las actividades 2009 de la Cátedra Tomás Pascual Sanz-CENIEH.
596 _aEn port.: Instituto Tomás Pascual Sanz para la Nutrición y la Salud, Cátedra Tomás Pascual Sanz; CENIEH, Centro Nacional de Investigación sobre la Evolución Humana.
650 7 _aEvolución humana.
_912627
700 1 _aPerote Alejandre, Alfonso.
_9162103
700 1 _aMateos Cachorro, Ana.
_9162104
700 1 _aBermúdez de Castro, José María.
_928138
852 _aES-MaACL
_jL-31288
999 _c44065
_d44065